000 00730cam a2200229 a 4500
001 14797695
005 20180209032710.0
008 070405s2007 mnu 001 0 eng
010 _a 2007273540
020 _a9780314175977 (alk. paper)
020 _a9780314175960 (teacher's manual : alk. paper)
040 _aDLC
_cDLC
_dDLC
041 _aeng
043 _an-us---
080 _a34 SAM
100 1 _a14
101 _aJUR
245 1 0 _aFederal income taxation of individuals :
_cby Samuel A. Donaldson.
906 _a7
_bcbc
_corigcop
_d2
_encip
_f20
_gy-gencatlg
942 _2ddc
_cBK
999 _c42203
_d42203